| 000 | 00894nam a2200193 a 4500 | ||
|---|---|---|---|
| 001 | 001050965 | ||
| 003 | AM-YeHGA | ||
| 005 | 20250617162933.0 | ||
| 008 | 141208s1959 ||||||||r|||||000|0|rus|d | ||
| 040 | _aAM-YeHGA | ||
| 041 | 0 | _arus | |
| 245 | 0 | 0 |
_aБруцеллез : _bОрганизационно-методические материалы / _cПод ред. Н.Ф. Компанцева ; Санитарно-эпидемиологическое управление МЗ УССР. |
| 260 |
_aКиев : _bГосмедиздат, _c1959. |
||
| 300 |
_a144 с. : _bтабл. ; _c21 см. |
||
| 650 | 1 | 4 |
_aБруцеллез _xдиагностика _xтерапия _xпрофилактика и контроль |
| 700 | 1 |
_aКомпанцев, Н.Ф. _eред. _4edt |
|
| 710 | 2 | _aСанитарно-эпидемиологическое управление МЗ УССР | |
| 090 | _c501519 | ||
| 999 |
_c498117 _d498117 |
||